01517nam a2200241Ia 4500001000600000003000900006008004100015040001300056040001300069041001300082100002100095100002800116245009200144245008800236250001100324260001000335260001900345260004900364300004300413500076300456650002501219650003101244D4329IT-RoPAU130308s9999 xx 000 0 und d aIT-RoPAU cIT-RoPAU aFRANCESE aWalter Henriette gCodice Aut. SPICS: 546 aAventure des langues en occident (L'). Leur origine, leur histoire , leur geographie bAventure des Langues En Occident (L'). Leur Origine, Leur Histoire, Leur Geographie a1a ed. aPARIS bLaffont Robert c1994 [1° Ed.:1994 - Ed.Ling.Originale:1994] a"500 p. (prefazione: no ; testo: 500)" aAvventura delle Lingue in Occidente: Loro Origine, Storia e Geografia. Prefazione di Andre' Martinet. Grandi Zone Linguistiche e Filo Conduttore del Libro. Origini Lontane: Ceppo Comune Indoeuropeo, scoperte Archeologiche, ripartizione delle Lingue Attuali. Lingua Greca: Evoluzione dell'Alfabeto, Traslitterazione del Greco, Dall'Alfabeto Greco All'Alfabeto Latino, Dialetti della Grecia Arcaica, radici Greche e Lingua Greca nel Mondo. Lingue Celtiche: Irlandese, Gaelico, Cornico, Gallese, Bretone. Lingue Nate dal Latino: Italiano, Spagnolo, portoghese e Francese. Lingue Germaniche: tavole delle principali Lingue Germaniche Attuali, Tedesco del Nord, Danese, Tedesco dell'Ovest, Lussemburghese, Olandese, Inglese. Bibliografia. Cronologia delle Lingue. aSAGGI DI LINGUISTICA eCodice materia Spics: 3207